00428cam a22001337a 4500008004000000082001200040100002600052245010200078260006000180300001000240650001200250650001800262650001400280180718b2000 xxu||||| |||| 00| 0 eng d aB1 M295 aMalik, Bibhuti Bhusan aSocial ecology of forest resources: a study of a tribal region of Orissacby Bibhuti Bhusan Malik aNew DelhibCentre for the Study of Social Systemsc2000 a462p. aCulture aSocial change aSociology